Flags of the Departments of Colombia - Statistics

General Stats
  • This quiz has been taken 121 times
  • The average score is 16 of 32
Answer Stats
Picture Answer % Correct
Amazonas
82%
Atlantico
72%
Bolivar
69%
Boyaca
69%
Norte de Santander
69%
San Andres y Providencia
69%
Santander
69%
Cesar
67%
Quindio
64%
Meta
62%
Vaupes
62%
Antioquia
59%
Cundinamarca
59%
Magdalena
59%
Risaralda
54%
Cordoba
51%
Guaviare
51%
Arauca
46%
Tolima
46%
Choco
44%
Guainía
44%
Caqueta
41%
Putumayo
41%
Sucre
41%
Valle de Cauca
38%
Caldas
36%
Cauca
36%
Casanare
33%
Narino
33%
Vichada
31%
Hula
26%
La Guajira
23%
No matching quizzes found
Score Distribution
Percent of People with Each Score
Percentile by Number Answered
Your Score History
You have not taken this quiz